| 000 | 01098nam a2200253Ia 4500 | ||
|---|---|---|---|
| 999 |
_c52163 _d52163 |
||
| 001 | 19170 | ||
| 003 | GE_BSU | ||
| 005 | 20210405175929.0 | ||
| 008 | 181216s2015||||ge |||||||||||||| ||geo|| | ||
| 040 | _cGE_BSU | ||
| 041 | _ageo | ||
| 080 | _a82 С-41 | ||
| 100 |
_aСитникова, Виктория _910439 |
||
| 245 |
_aРусская литература в грузинских переводах XXI века / _cВиктория Ситникова; Научн. руков. Н. Каджая; Батумский гос. ун-т им. Шота Руставели. |
||
| 264 |
_aБатуми: _bБатумский гос. ун-т им. Ш. Руставели, _c2015. |
||
| 300 |
_a177 გვ. ; _b30 სმ. |
||
| 653 | _aЛитературоведение | ||
| 653 | _aდისერტაცია | ||
| 653 | _aლიტმცოდნეობა | ||
| 653 | _aДиссертация | ||
| 700 |
_aКаджая, Н. _eНаучный руководитель _910440 |
||
| 710 |
_aБатумский гос. ун-т им. Шота Руставели _911084 |
||
| 942 |
_cBK _2udc |
||